000 00714cam a22001934a 4500
005 20250605164346.0
008 250528s ||||||||||||||||||||||||d
035 _a23893
040 _aGR-AtMCL
_bgre
_dGR-AtMCL
_eAACR2
245 1 _aPain / Christopher Eccleston and Christian Jarrett and Amanda C. de Williams and Ronald Melzack in a Special Issue
260 _c2011
300 _a75
520 _aOuch! The Different Ways People Experience Pain, A Normal Psychology of Chronic Pain, Pain - The Patient's Viewpoint, Childhood Enemies, An Insight Into 'Nudge'.
700 1 _aSutton Jon
_99351
942 _cCR
710 2 _aThe British Psychological Society
_99823
999 _c8811
_d8811